Представление документа в формате RUSMARC

ПолеНазваниеЗначение
  Тип записи i
  Библиографический уровень m
001 Контрольный номер RU/IS/BASE/560516820
005 Дата корректировки 20201206205105.8
010 Индекс ISBN __
a ISBN (в кор.)
d Цена 177-89
100 Данные общей обработки __
a Данные общей обработки 19171006d2017||||||| 0rusy0189 ca
101 Язык документа 1_
a Язык текста rus
c Язык оригинала nnn
102 Страна публикации __
a Страна публикации ru
105 Кодированные данные (монография) __
a Кодированные данные (монография) nn|||||||f|zy
127 Кодированные данные (звукозаписи-физические характеристики) __
a Продолжительность проигрывания 06 21 мин
200 Заглавие и сведения об ответственности 1_
a Заглавие Человек-невидимка
e Сведения, относящиеся к заглавию [роман]
f Первые сведения об ответственности Герберт Уэллс ; читает Виктор Рудниченко ; [перевод Д. С. Вейс]
b Общее обозначение материала Звукозапись
210 Выходные данные __
a Место издания Москва
c Издательство АРДИС
d Дата издания 2017
215 Физическое описание __
a Объем 1 электрон. опт. диск (Audio CD)
c Иллюстрации/тип воспроизводства mp3, stereo
d Формат 12х14 см
225 Серия __
a Серия Фантастика и приключения
230 Специфическая характеристика материала: электронные ресурсы __
a Обозначение и объем ресурса Электронные звуковые данные
300 Общие примечания __
a Общие примечания Заглавие с этикетки диска
323 Примечание о главных создателях, исполнителях, участниках __
a Примечание о главных создателях, исполнителях, участниках Вейс, Д. С. (читает)
330 Аннотация __
a Аннотация Изданный в 1897 году роман "Человек-невидимка" - как и опубликованная почти одновременно с ним "Война миров" - стал своего рода визитной карточкой английского писателя-фантаста Герберта Уэллса. Мастерски чередуя повествование от первого и от третьего лица, британский прозаик создал книгу, которая отличается почти детективным, не спадающим вплоть до самой развязки сюжетным напряжением, удивительной достоверностью бытовых и психологических деталей и поражающей воображение фантастичностью основной идеи, давшей обильную пищу для научных дискуссий. Начинаясь как комедия из жизни обывателей провинциальной Англии, история, рассказанная Уэллсом, постепенно перерастает в трагедию гениального ученого, чье невероятное открытие навсегда отделяет его от обыкновенных людей непереходимой стеной незримости и превращает в безумца, опасного для общества...
333 Примечание о целевом назначении __
a Примечание о целевом назначении 12+. Для детей старше 12 лет
337 Примечание о системных требованиях (электронные ресурсы) __
a Примечание о системных требованиях (электронные ресурсы) Системные требования: CD-плеер с поддержкой MP3 или Pentium-233 c Windows 9x-XP ; CD-ROM ; звуковая карта
606 Тематические рубрики __
a Основная рубрика Художественная литература
606 Тематические рубрики __
a Основная рубрика Литература Европы (произведения)
y Географическая подрубрика Англия
y Географическая подрубрика Великобритания
610 Ключевые слова __
a Ключевые слова английская литература
a Ключевые слова зарубежная литература
a Ключевые слова иностранная литература
a Ключевые слова научная фантастика
a Ключевые слова приключенческие романы
a Ключевые слова романы
a Ключевые слова тема сверхчеловека
a Ключевые слова тема фантастики
a Ключевые слова фантастика
a Ключевые слова фантастические романы
686 Индексы других классификаций __
2 Код системы rubbks
a Классификационный индекс 84(4Вел)6-445я04; ст84(4Вел)-445я0
700 Автор _1
a Фамилия Уэллс
b Имя Г. Д.
f Даты 1866-1946
g Полное личное имя Герберт Джордж
4 Код отношения 070
702 Вторичная интеллектуальная ответственность _1
a Фамилия Вейс
b Имя Д. С.
4 Код отношения Переводчик
4 Код отношения 730
801 Источник записи _0
a Страна ru
b Организация Муниципальное бюджетное учреждение культуры "Централизованная библиотечная система" г. Сургут (Центральная городская библиотека им. А. С. Пушкина)
c Дата составления 20171006
g Правила каталогизации RCR
801 Источник записи _1
a Страна ru
b Организация Муниципальное бюджетное учреждение культуры "Централизованная библиотечная система" г. Сургут (Центральная городская библиотека им. А. С. Пушкина)
c Дата составления 20171006
g Правила каталогизации RCR
852 Данные о местонахождении __
j Шифр хранения 84(4Вел)6-445я04
i Авторский знак У 98
901 Тип документа __
t Тип документа 0
a Ответственный КиК/Апакова
903 Характеристики (МАРС) __
a Дата передачи 20171005
969 Тип издания __
a Тип издания аудиокнига; издание для слепых
990 Данные о заказе (DOS) __
j Количество экземпляров (DOS) 6
t N записи в КСУ для И/У (DOS) 201710